[Event "56.SMM Gröden 1-Klausen/Rk"]
[Site "Klausen  3 GROEDEN 3"]
[Date "2025.02.08"]
[Round "7.1"]
[White "Schacher, Gerd"]
[Black "Casadio, Niccolò"]
[Result "1/2-1/2"]
[WhiteElo "2248"]
[BlackElo "2229"]
[PlyCount "31"]
[EventDate "2024.??.??"]
[SourceVersionDate "2025.02.09"]

{[%evp 0,31,17,-16,-9,-3,35,-18,10,-24,-8,-17,-5,-2,-6,-6,13,-9,-16,-4,14,-2,24,24,19,5,8,9,20,-14,17,8,55,54]} 1. c4 Nf6 2. Nf3 g6 3. b3 d6 4. g3 e5 5. Bb2 Bg7 6. Bg2 O-O 7. Nc3 Re8 8. O-O Nc6 9. d3 h6 10. Nd2 Nd4 11. e3 Ne6 12. b4 c6 13. b5 Bd7 14. Rb1 Ng5 15. bxc6 Bxc6 16. Nd5 1/2-1/2

[Event "56.SMM Gröden 1-Klausen/Rk"]
[Site "?"]
[Date "2025.02.08"]
[Round "7.2"]
[White "Moroder, Stephan"]
[Black "Seebacher, Michael"]
[Result "1-0"]
[WhiteElo "2173"]
[BlackElo "2116"]
[PlyCount "71"]
[EventDate "2025.??.??"]

{[%evp 0,71,19,31,34,19,13,4,13,-2,2,9,7,14,24,21,8,8,20,72,71,71,71,66,71,40,43,65,53,73,218,221,226,225,280,239,241,240,227,209,355,295,306,316,341,326,333,368,386,483,481,404,482,494,494,494,496,556,499,536,523,523,554,582,582,440,473,473,473,403,413,422,437,362]} 1. e4 e5 2. Nf3 Nc6 3. Bb5 a6 4. Ba4 Nf6 5. O-O b5 6. Bb3 Be7 7. d4 exd4 8. e5 Ne4 9. Bd5 Nc5 10. Nxd4 Bb7 11. Nf5 O-O 12. Qg4 g6 13. Re1 Ne6 14. Bh6 Nxe5 15. Nxe7+ Qxe7 16. Rxe5 Qd6 17. Bxb7 Qxe5 18. Nc3 Rae8 19. Bxf8 Nd4 20. h4 Kxf8 21. Qxd7 b4 22. Ne4 Ne2+ 23. Kf1 Qxb2 24. Re1 Nf4 25. Qxc7 Ne6 26. Qd6+ Kg7 27. Ng5 Qxc2 28. Nxe6+ fxe6 29. Qd7+ Kf8 30. Qxh7 Re7 31. Qh8+ Kf7 32. Be4 Qc4+ 33. Kg1 Qc3 34. Qxc3 bxc3 35. Rc1 Rc7 36. Bd3 1-0

[Event "56.SMM Gröden 1-Klausen/Rk"]
[Site "?"]
[Date "2025.02.08"]
[Round "7.5"]
[White "Seebacher, Reinhard"]
[Black "Moroder, Thomas"]
[Result "0-1"]
[WhiteElo "1951"]
[BlackElo "2029"]
[PlyCount "66"]
[EventDate "2025.??.??"]

{[%evp 0,66,19,31,72,53,86,55,79,58,56,24,50,44,39,-7,8,8,-16,-4,-16,-42,-23,-58,-31,-43,-41,-94,-5,-24,16,16,25,9,14,-71,-84,-118,-105,-102,-98,-106,-106,-107,-107,-107,-100,-190,-212,-249,-182,-157,-146,-245,-239,-239,-176,-220,-178,-263,-258,-508,-672,-707,-756,-758,-465,-466,-495]} 1. e4 c5 2. Nf3 d6 3. Bb5+ Nd7 4. O-O a6 5. Bxd7+ Bxd7 6. d4 cxd4 7. Nxd4 Nf6 8. Nc3 g6 9. a4 Bg7 10. Kh1 O-O 11. f4 Qc7 12. f5 Qc4 13. Be3 Bc6 14. Nxc6 Qxc6 15. Qf3 b5 16. axb5 axb5 17. Bd4 Rxa1 18. Rxa1 b4 19. Bxf6 Bxf6 20. Nd5 Qxc2 21. Nxf6+ exf6 22. fxg6 fxg6 23. h3 Qxb2 24. Ra7 Qc1+ 25. Kh2 Qc3 26. Qd1 Qe5+ 27. Kh1 Qxe4 28. Rd7 Re8 29. Qb3+ Qe6 30. Qa4 Qe1+ 31. Kh2 Qe5+ 32. Kh1 Rc8 33. Qd1 Ra8 0-1

[Event "56.SMM Gröden 2-Tramin/Kaltern"]
[Site "?"]
[Date "2025.02.08"]
[Round "7.2"]
[White "Grossi, Christian"]
[Black "Panjkovic, Aleksandar"]
[Result "0-1"]
[WhiteElo "1961"]
[BlackElo "2054"]
[PlyCount "80"]
[EventDate "8.??.??"]

{[%evp 0,72,28,21,69,31,51,34,44,40,42,24,29,28,29,29,38,35,46,38,35,65,59,62,62,80,66,63,80,36,49,4,-24,-30,-10,-47,-30,-33,8,23,26,24,98,102,113,105,105,105,123,35,40,25,67,92,69,90,98,77,106,84,78,87,74,65,74,50,51,0,29,42,65,41,63,64,64]} 1. d4 d6 2. g3 Nf6 3. Bg2 c6 4. Nf3 Bg4 5. c4 Nbd7 6. Nc3 e5 7. h3 Bxf3 8. exf3 Be7 9. O-O O-O 10. f4 exd4 11. Qxd4 Re8 12. b3 Qb6 13. Qd1 Rad8 14. g4 d5 15. g5 Ne4 16. Nxe4 dxe4 17. Qc2 f5 18. gxf6 Bxf6 19. Be3 Qa5 20. Bxe4 Nf8 21. Rad1 Qh5 22. Rxd8 Rxd8 23. Bf5 Bd4 24. Qe4 Bxe3 25. fxe3 Re8 26. Qd3 Qh4 27. Kg2 Rd8 28. Qc2 Qf6 29. Kg3 g6 30. Bg4 Ne6 31. Bxe6+ Qxe6 32. e4 Rd4 33. Re1 Qd7 34. Re3 Rd2 35. Qc3 Rxa2 36. Rd3 Qe7 {0-} 37. Rd4 c5 38. Rd5 Qxe4 39. Qf6 Rg2+ 40. Kh4 Qe1# 0-1

[Event "56.SMM Gröden 2-Tramin/Kaltern"]
[Site "?"]
[Date "2025.02.08"]
[Round "7.3"]
[White "Zucchelli, Massimo"]
[Black "Casadio, Lorenzo"]
[Result "1-0"]
[WhiteElo "2092"]
[BlackElo "1908"]
[PlyCount "113"]
[EventDate "8.??.??"]
[SourceVersionDate "2025.02.09"]

{[%evp 0,113,25,15,27,-11,-7,4,4,-7,-3,-24,2,-6,21,-13,11,2,23,20,60,18,35,35,30,30,93,104,163,131,325,337,417,212,218,166,180,108,185,182,210,203,246,234,222,234,257,249,254,279,281,285,275,229,222,233,243,238,259,266,349,338,389,288,322,287,274,222,222,222,222,222,210,192,203,185,188,188,188,188,180,191,196,176,171,199,215,211,215,211,208,215,223,187,186,194,192,208,212,220,223,189,305,337,354,299,321,366,379,342,368,383,569,876,935,1230]} 1. d4 Nf6 2. c4 e6 3. Nc3 d5 4. cxd5 exd5 5. Bg5 Bb4 6. e3 c6 7. Qc2 h6 8. Bh4 Nbd7 9. Bd3 c5 10. Nge2 c4 11. Bf5 Nb6 12. O-O g5 13. Bg3 h5 14. Nb5 Bxf5 15. Qxf5 Kf8 16. Qxg5 Ne4 17. Qxd8+ Rxd8 18. Nxa7 Nxg3 19. hxg3 f5 20. Nb5 Rd7 21. Nf4 Kf7 22. Rfc1 Kf6 23. Kf1 Bd2 24. Rd1 Bb4 25. Ke2 Bd6 26. a4 Bxf4 27. gxf4 h4 28. a5 Na8 29. a6 b6 30. a7 Ke6 31. Rh1 Rg7 32. Rh2 Kd7 33. g3 h3 34. Kf3 Kc6 35. Nc3 Nc7 36. Rah1 Rgh7 37. g4 fxg4+ 38. Kxg4 Rg8+ 39. Kf3 Rgh8 40. f5 Kb7 41. Ne2 Rh5 42. Kg4 Ne8 43. Rxh3 Nf6+ 44. Kg3 Ne4+ 45. Kg2 Rg8+ 46. Ng3 Rxf5 47. f3 Nd2 48. Rh8 Rff8 49. Rxg8 Rxg8 50. Rh7+ Kc6 51. Kf2 Rf8 52. Rf7 Ra8 53. e4 Nb3 54. Ne2 b5 55. e5 b4 56. e6 Kd6 57. e7 1-0

[Event "56.SMM Gröden 2-Tramin/Kaltern"]
[Site "?"]
[Date "2025.02.08"]
[Round "7.4"]
[White "Insam, Raffael"]
[Black "Maier, Fridolin"]
[Result "0-1"]
[WhiteElo "1818"]
[BlackElo "1909"]
[PlyCount "68"]
[EventDate "8.??.??"]
[SourceVersionDate "2025.02.09"]

{[%evp 0,68,21,38,81,81,69,61,61,14,50,63,71,27,14,10,13,13,39,39,42,41,42,41,49,52,51,35,35,36,36,36,61,59,51,50,56,55,59,36,30,30,79,20,21,47,76,76,127,-393,-393,-393,-393,-393,-393,-552,-295,-292,-307,-305,-319,-407,-448,-516,-635,-738,-774,-29987,-29988,-29999,-30000]} 1. e4 Nf6 2. e5 Nd5 3. d4 d6 4. exd6 cxd6 5. Nf3 Nc6 6. Bd3 g6 7. O-O Bg7 8. c3 Bg4 9. h3 Bxf3 10. Qxf3 e6 11. Bc4 Nb6 12. Bb3 d5 13. Re1 O-O 14. Bf4 Rc8 15. Nd2 Nd7 16. Rad1 b5 17. Qd3 Qb6 18. Nf3 Rfd8 19. h4 Nf6 20. Bg5 b4 21. Ne5 bxc3 22. bxc3 Nxe5 23. dxe5 Ne4 24. Bxd8 Qxf2+ 25. Kh1 Rxc3 26. Qxc3 Nxc3 27. Rc1 d4 28. Rf1 Qg3 29. Rf3 Qxe5 30. Rcf1 Ne2 31. R1f2 Ng3+ 32. Kg1 Qe1+ 33. Kh2 Be5 34. Bxe6 Qh1# 0-1

[Event "56.SMM Gröden 2-Tramin/Kaltern"]
[Site "?"]
[Date "2025.02.08"]
[Round "7.5"]
[White "Florian, Andreas"]
[Black "Kasslatter, Matthias"]
[Result "1-0"]
[WhiteElo "1714"]
[BlackElo "1767"]
[PlyCount "53"]
[EventDate "2025.??.??"]
[SourceVersionDate "2025.02.09"]

{[%evp 0,53,29,-22,-29,-3,-5,-33,-28,-35,24,-14,-18,-6,-9,0,2,-11,4,-26,-6,-24,25,33,50,59,61,1,45,1,303,293,325,299,336,275,269,243,231,219,310,188,216,220,369,435,430,430,506,322,347,334,373,373,1261,1675]} 1. c4 e5 2. Nc3 Nc6 3. g3 Nf6 4. Bg2 g6 5. e4 Bg7 6. Nge2 d6 7. O-O O-O 8. d3 Be6 9. h3 Qd7 10. Kh2 h6 11. Be3 Kh7 12. f4 exf4 13. gxf4 Ng8 14. f5 Bxf5 15. exf5 Rfe8 16. Qd2 Be5+ 17. Bf4 Qxf5 18. Ng3 Qd7 19. Bd5 Re7 20. Rf2 Bd4 21. Rf3 g5 22. Bxg5 hxg5 23. Qxg5 Nh6 24. Be4+ Rxe4 25. Ncxe4 Rg8 26. Qh5 Ne5 27. Nf6+ 1-0

[Event "56.SMM Gröden 2-Tramin/Kaltern"]
[Site "?"]
[Date "2025.02.08"]
[Round "7.6"]
[White "Scola, Matteo"]
[Black "Thaler, Elmar"]
[Result "0-1"]
[WhiteElo "1803"]
[BlackElo "1869"]
[PlyCount "82"]
[EventDate "8.??.??"]
[SourceVersionDate "2025.02.09"]

{[%evp 0,78,34,18,65,73,71,50,36,37,35,66,75,54,82,44,47,45,39,-16,-16,-18,-11,-11,-9,-11,-11,-37,13,-66,-18,-44,-44,-98,-103,-79,-66,-62,-39,-73,-74,-76,-66,-86,-75,-63,-61,-87,35,36,43,81,102,100,133,-20,115,117,199,199,206,-187,-191,-198,-176,-218,-230,-306,-306,-318,-333,-335,-315,-337,-309,-416,-423,-549,-556,-528,-577]} 1. e4 c6 2. d4 d5 3. Nd2 dxe4 4. Nxe4 Bf5 5. Ng3 Bg6 6. Nf3 e6 7. h4 h6 8. Ne5 Bh7 9. Be3 Nd7 10. Nxd7 Qxd7 11. Bd3 Bxd3 12. Qxd3 Nf6 13. O-O-O O-O-O 14. Rhe1 Be7 15. f3 Nd5 16. a3 Bxh4 17. Bf2 Nf4 18. Qf1 Nd5 19. Re4 Bg5+ 20. Kb1 f5 21. Ree1 Rhe8 22. Ne2 Qc7 23. g3 Ne3 24. Bxe3 Bxe3 25. f4 c5 26. c3 Qc6 27. Ka1 g5 28. Rd3 gxf4 29. gxf4 Qe4 30. Red1 c4 31. Ng3 Qxf4 32. Rxe3 Qxe3 33. Qxc4+ Kb8 34. Nf1 Qf3 35. Qb3 h5 36. Nd2 Qd5 37. Qa4 h4 38. Nb3 h3 39. c4 Qc6 40. Qb4 h2 41. d5 exd5 0-1

[Event "56.SMM Brixen/Milland-CSK Merania"]
[Site "?"]
[Date "2025.02.08"]
[Round "7.1"]
[White "De Santis, Alessio"]
[Black "Brenniner, Daniel"]
[Result "1/2-1/2"]
[WhiteElo "2120"]
[BlackElo "2089"]
[PlyCount "91"]
[EventDate "2025.??.??"]

{[%evp 0,91,26,18,27,12,42,19,19,6,20,18,34,-3,8,8,15,-1,18,14,30,25,25,3,3,-10,35,33,46,46,87,1,16,34,25,15,0,-35,-32,-33,13,24,29,20,22,22,16,23,19,13,11,19,19,2,0,-16,-15,-29,-8,-4,-28,-8,0,0,0,-5,0,0,0,0,0,0,0,0,14,-9,-3,-6,-3,-3,-3,0,0,-21,-17,-36,-19,-37,-16,0,-4,-1,-1,-4]} 1. Nf3 d5 2. e3 c5 3. b3 Nc6 4. Bb5 Bg4 5. h3 Bxf3 6. Bxc6+ bxc6 7. Qxf3 e5 8. c4 Qd6 9. Nc3 e4 10. Qe2 Nf6 11. Ba3 Be7 12. Rc1 Rc8 13. Na4 Nd7 14. O-O O-O 15. Rfd1 Qe6 16. d3 f5 17. dxe4 fxe4 18. Qg4 Rf5 19. Bb2 Bf6 20. Nxc5 Nxc5 21. cxd5 cxd5 22. Bxf6 Rxf6 23. Qxe6+ Rxe6 24. b4 Rec6 25. bxc5 Rxc5 26. Rxc5 Rxc5 27. g4 Kf7 28. Rd4 Ra5 29. a4 Ke6 30. Rb4 g5 31. f3 exf3 32. Kf2 Ke5 33. Kxf3 h6 34. Ke2 Ra6 35. Kd3 Rb6 36. Rb5 Rf6 37. Ra5 a6 38. Rc5 Rf3 39. Rc6 a5 40. Rxh6 d4 41. h4 Rxe3+ 42. Kd2 Ra3 43. hxg5 Rxa4 44. Ra6 Ra2+ 45. Kd3 Ra3+ 46. Kd2 1/2-1/2

[Event "56.SMM Brixen/Milland-CSK Merania"]
[Site "?"]
[Date "2025.02.08"]
[Round "7.2"]
[White "Bonagura, Stefano"]
[Black "Sader, Michael"]
[Result "1/2-1/2"]
[WhiteElo "2173"]
[BlackElo "2054"]
[PlyCount "45"]
[EventDate "2025.??.??"]

{[%evp 0,45,27,-10,-6,-4,-4,-4,-3,-40,1,11,22,17,29,-3,43,17,25,-9,-6,-11,21,20,22,10,27,23,29,-1,16,13,33,-12,18,16,16,14,14,25,17,7,1,14,-10,-22,-22,-37]} 1. c4 e6 2. Nc3 d5 3. d4 Nf6 4. Bg5 Be7 5. Bxf6 Bxf6 6. e3 O-O 7. Rc1 c6 8. Nf3 Nd7 9. cxd5 exd5 10. Bd3 h6 11. O-O Re8 12. b4 b5 13. a4 a6 14. a5 Be7 15. Qb3 Bb7 16. Bf5 Bd6 17. e4 dxe4 18. Nxe4 Nf6 19. Nc5 Bc8 20. Bxc8 Qxc8 21. Nd3 Qe6 22. Qxe6 Rxe6 23. g3 1/2-1/2

[Event "56.SMM Brixen/Milland-CSK Merania"]
[Site "?"]
[Date "2025.02.08"]
[Round "7.3"]
[White "Lami, Damiano"]
[Black "Kofler, Thomas"]
[Result "1-0"]
[WhiteElo "2064"]
[BlackElo "1976"]
[PlyCount "33"]
[EventDate "2025.??.??"]

1. e4 d6 2. d4 Nf6 3. Nc3 Nbd7 4. f4 e5 5. Nf3 exd4 6. Qxd4 c6 7. Be3 Qc7 8. O-O-O Be7 9. e5 dxe5 10. fxe5 Bc5 11. Qd2 Bxe3 12. Qxe3 Ng4 13. Qg5 Ndxe5 14. Nxe5 Nxe5 15. Qxg7 Ng6 16. Re1+ Kd8 17. Qf6+ 1-0

[Event "56.SMM Brixen/Milland-CSK Merania"]
[Site "?"]
[Date "2025.02.08"]
[Round "7.4"]
[White "Teutsch, Alexander"]
[Black "Paulmichl, Martin"]
[Result "1/2-1/2"]
[WhiteElo "2067"]
[BlackElo "1945"]
[PlyCount "140"]
[EventDate "2025.??.??"]

{[%evp 0,140,27,30,73,23,83,64,91,75,95,68,70,76,113,109,119,98,76,50,79,40,34,49,61,4,85,83,73,53,82,127,103,97,93,90,114,114,109,60,103,24,33,36,77,73,152,51,28,61,127,133,128,119,141,132,121,126,134,54,32,56,50,48,85,100,95,102,159,149,156,141,182,158,158,158,160,169,162,167,173,148,173,176,176,142,168,145,161,130,145,135,154,139,154,135,138,132,144,154,178,175,221,240,241,206,243,247,239,176,191,190,284,252,251,256,263,227,245,238,257,240,307,263,272,206,221,221,200,200,200,200,200,148,157,130,104,58,63,82,104,58,64]} 1. d4 c5 2. dxc5 Na6 3. e4 Nxc5 4. Nc3 d6 5. Be3 Bd7 6. e5 Bc6 7. Nf3 e6 8. exd6 Bxd6 9. Nb5 Be7 10. Qxd8+ Rxd8 11. Nxa7 Be4 12. Be2 Bxc2 13. Bb5+ Kf8 14. O-O Be4 15. Rac1 Nd3 16. Bxd3 Rxd3 17. Ne5 Rd8 18. Bb6 Ra8 19. Rfd1 Nf6 20. Nd7+ Nxd7 21. Rxd7 Bf6 22. Rcc7 Bxb2 23. Rxf7+ Kg8 24. f3 Bg6 25. Rfe7 Bf6 26. Rxe6 Bf5 27. Re2 h6 28. Rxb7 Kh7 29. Nc6 Ra6 30. g4 Bc8 31. Rb8 Bd7 32. Rxh8+ Kxh8 33. Nb8 Rxb6 34. Nxd7 Bd4+ 35. Kg2 Rd6 36. Nf8 Kg8 37. Ne6 Bf6 38. Nc5 Rd1 39. Ne4 Bd4 40. f4 Rg1+ 41. Kf3 Rf1+ 42. Nf2 Kf7 43. Kg2 Ra1 44. h4 g6 45. Kf3 Rf1 46. Kg3 Rg1+ 47. Kh3 Ra1 48. Nd3 Rh1+ 49. Kg3 Rg1+ 50. Kf3 Rh1 51. Ke4 Bf6 52. g5 Bg7 53. gxh6 Bxh6 54. Ne5+ Kg7 55. Rg2 Rxh4 56. Nxg6 Rh1 57. Ne5+ Kf8 58. Ng4 Bg7 59. Rc2 Ra1 60. Ne5 Rh1 61. Kf5 Rh5+ 62. Kg6 Rh6+ 63. Kg5 Ra6 64. Rc8+ Ke7 65. Rc7+ Kf8 66. Ng6+ Kg8 67. Rc8+ Kh7 68. Nf8+ Bxf8 69. Rxf8 Kg7 70. Rb8 Rxa2 1/2-1/2

[Event "56.SMM Brixen/Milland-CSK Merania"]
[Site "?"]
[Date "2025.02.08"]
[Round "7.5"]
[White "Zuev, Mikail"]
[Black "Wisthaler, Lukas"]
[Result "1-0"]
[WhiteElo "1890"]
[BlackElo "1860"]
[PlyCount "61"]
[EventDate "2025.??.??"]

1. d4 d5 2. c4 c6 3. Nf3 Nf6 4. Nc3 e6 5. Bg5 Be7 6. e3 O-O 7. Bd3 h6 8. Bh4 Nbd7 9. O-O Re8 10. Re1 c5 11. cxd5 Nxd5 12. Nxd5 exd5 13. Bg3 Nf6 14. Ne5 cxd4 15. exd4 Qb6 16. Rb1 Be6 17. h3 Rad8 18. Bf4 Ne4 19. Be3 Nf6 20. a3 Bf8 21. Qf3 Qd6 22. Bxh6 gxh6 23. Qxf6 Bg7 24. Qh4 Qe7 25. Qxe7 Rxe7 26. f4 f5 27. Rbc1 Bf6 28. g3 Ree8 29. Rc7 Re7 30. Rxe7 Bxe7 31. Ng6 1-0

[Event "56.SMM Deutschnofen/Alp-Richter/Lask"]
[Site "?"]
[Date "2025.02.08"]
[Round "7.1"]
[White "Moncher, Stefano"]
[Black "Zamengo, Fulvio"]
[Result "0-1"]
[WhiteElo "2162"]
[BlackElo "2354"]
[PlyCount "134"]
[EventDate "2024.11.09"]

{[%evp 0,134,18,18,43,27,68,64,103,69,69,58,68,36,38,28,28,24,20,28,18,9,17,0,18,38,46,46,50,28,33,24,13,-26,-32,-32,42,40,36,-40,-58,-57,-33,-32,28,-15,18,15,24,9,8,0,0,0,11,-29,-30,-57,-54,-73,-48,-80,-55,-77,-77,-65,-64,-76,-52,-55,-61,-106,-72,-91,-94,-130,-76,-70,-49,-70,-70,-70,-86,-80,-79,-78,-78,-109,-99,-116,-105,-99,-121,-121,-115,-115,-112,-121,-88,-159,-159,-142,-126,-151,-116,-151,-68,-27,-14,-68,-28,-59,-28,-28,-28,-95,-95,-132,-124,-124,-104,-124,-148,-156,-155,-155,-155,-158,-158,-160,-165,-168,-168,-254,-293,-323,-322]} 1. e4 Nc6 2. Nf3 d6 3. d4 g6 4. h3 Bg7 5. Be3 e5 6. dxe5 Nxe5 7. Nxe5 Bxe5 8. Nc3 Nf6 9. Bd4 Qe7 10. Be2 Bd7 11. O-O Bc6 12. f4 Bxd4+ 13. Qxd4 O-O 14. Bf3 Rfe8 15. Rae1 Nd7 16. e5 dxe5 17. fxe5 Qc5 18. Qxc5 Nxc5 19. Ne4 Bxe4 20. Bxe4 Re7 21. b4 Ne6 22. Rd1 Rae8 23. Bxb7 Rb8 24. Bd5 Rxb4 25. c4 Kg7 26. Rf2 g5 27. Bxe6 fxe6 28. Rd4 c5 29. Rg4 h6 30. h4 Rf7 31. Rxf7+ Kxf7 32. hxg5 hxg5 33. Rxg5 Rxc4 34. Rg3 Ra4 35. Rc3 c4 36. a3 Kg6 37. Rf3 Kg5 38. Kf2 Kg4 39. g3 Kg5 40. Re3 Ra5 41. Rc3 Kf5 42. Rxc4 Rxa3 43. Rc5 Ke4 44. Kg2 Kd4 45. Rb5 a6 46. Rb1 Kxe5 47. Re1+ Kf6 48. Rf1+ Ke7 49. Kh3 a5 50. Kh4 Rb3 51. g4 a4 52. Rf4 a3 53. Ra4 Kf6 54. Rf4+ Kg6 55. Re4 Kf7 56. Ra4 e5 57. Kg5 Ke6 58. Ra6+ Kd5 59. Ra5+ Kd4 60. Ra4+ Kd5 61. Ra5+ Ke4 62. Kf6 Rb6+ 63. Kg5 Rb3 64. Kf6 Kf4 65. g5 Rb6+ 66. Ke7 Rg6 67. Rxa3 e4 0-1

[Event "56.SMM Deutschnofen/Alp-Richter/Lask"]
[Site "?"]
[Date "2025.02.08"]
[Round "7.2"]
[White "Lain, Luigi"]
[Black "Bevilacqua, Maurizio"]
[Result "1-0"]
[WhiteElo "2239"]
[BlackElo "2046"]
[PlyCount "71"]
[EventDate "2024.11.09"]

{[%evp 0,71,20,20,47,61,59,22,67,34,38,14,43,53,55,50,50,61,81,63,97,76,66,71,80,69,71,41,41,53,45,12,16,20,78,56,68,52,148,45,57,72,137,158,185,185,238,189,310,283,457,378,507,517,507,531,541,509,437,525,533,559,561,570,632,655,678,570,818,854,928,929,29989,1265]} 1. d4 c5 2. d5 Nf6 3. c4 g6 4. Nf3 Bg7 5. e4 O-O 6. Bd3 d6 7. h3 Na6 8. Nc3 e6 9. O-O h6 10. Bf4 e5 11. Be3 Nh5 12. Qd2 g5 13. Kh2 Nf4 14. Bc2 Nc7 15. Ng1 a6 16. g3 Ne8 17. Rab1 Qd7 18. gxf4 exf4 19. Bxf4 gxf4 20. Nce2 Qe7 21. Nxf4 Be5 22. Nf3 Ng7 23. Nxe5 Qxe5 24. Rg1 f5 25. Rg3 Rf7 26. Ng6 f4 27. Nxe5 fxg3+ 28. Kxg3 dxe5 29. Qxh6 Bd7 30. Rg1 Raf8 31. Kh2 Re7 32. Rg2 Rf3 33. Kg1 Ref7 34. Bd1 Rxh3 35. Bh5 Kf8 36. Qh8+ 1-0

[Event "56.SMM Deutschnofen/Alp-Richter/Lask"]
[Site "?"]
[Date "2025.02.08"]
[Round "7.3"]
[White "Unterweger, Jonas"]
[Black "Micheli, Carlo"]
[Result "1-0"]
[WhiteElo "1948"]
[BlackElo "2143"]
[PlyCount "63"]
[EventDate "2024.11.09"]

{[%evp 0,63,20,20,63,73,74,60,50,33,50,42,59,47,52,55,78,69,74,73,51,57,58,49,63,63,63,74,79,70,84,80,80,74,91,89,75,59,71,66,169,195,207,203,218,115,126,126,126,146,141,152,160,161,139,131,165,175,186,186,188,196,201,201,216,216]} 1. d4 d6 2. Nf3 Bg4 3. Bf4 Nf6 4. e3 Nbd7 5. Be2 c6 6. Nbd2 e6 7. O-O d5 8. h3 Bh5 9. c4 Be7 10. c5 O-O 11. b4 Ne4 12. Nxe4 dxe4 13. Nd2 Bg6 14. Nc4 Nf6 15. Bg3 Nd5 16. Qb3 f6 17. Nd6 b6 18. Ba6 Qd7 19. b5 bxc5 20. bxc6 Qxc6 21. Bb7 Qb6 22. Bxa8 Rxa8 23. dxc5 Qxc5 24. Rfc1 Qb4 25. Qxb4 Nxb4 26. Rc8+ Rxc8 27. Nxc8 Bc5 28. Bd6 Bxd6 29. Nxd6 Kf8 30. a3 Nd5 31. Rb1 a6 32. Rb7 1-0

[Event "56.SMM Deutschnofen/Alp-Richter/Lask"]
[Site "?"]
[Date "2025.02.08"]
[Round "7.4"]
[White "Thurner, Markus"]
[Black "Billio, Atto"]
[Result "0-1"]
[WhiteElo "1968"]
[BlackElo "2003"]
[PlyCount "79"]
[EventDate "2024.11.09"]

{[%evp 0,79,20,18,37,41,71,79,75,53,95,73,78,58,49,30,48,44,75,53,66,103,97,99,104,49,85,78,100,64,132,105,147,88,56,41,115,70,102,60,66,53,49,51,83,66,76,55,81,63,67,46,63,69,52,65,36,25,18,25,19,10,10,13,8,3,11,40,57,-82,-53,-48,-78,-94,-96,-130,-128,-228,-198,-265,-239,-306]} 1. e4 c5 2. Nf3 g6 3. d4 cxd4 4. Nxd4 Nf6 5. Nc3 d6 6. Be3 Bg7 7. Be2 a6 8. Qd2 h5 9. h3 b5 10. Bf3 e5 11. Nde2 Bb7 12. a3 Nc6 13. Rd1 Na5 14. b3 Ke7 15. Bg5 Qc7 16. Nd5+ Bxd5 17. Qxd5 Rhd8 18. O-O Kf8 19. Qd2 Rac8 20. Rc1 Kg8 21. Rfd1 Kh7 22. Ng3 Nc6 23. c4 Qb7 24. Ne2 bxc4 25. bxc4 Rb8 26. Qc2 Qb3 27. Rd3 Qxc2 28. Rxc2 Rd7 29. Rcd2 Ne8 30. Be3 Na5 31. Rc2 Rc7 32. c5 Bf8 33. Bd2 Nb3 34. c6 Nc5 35. Rdc3 Rxc6 36. Be3 Nc7 37. Nc1 Rb1 38. Bxc5 dxc5 39. Kh2 Nb5 40. Rd3 0-1

[Event "56.SMM Deutschnofen/Alp-Richter/Lask"]
[Site "?"]
[Date "2025.02.08"]
[Round "7.5"]
[White "Di Lazzaro, Gabriele"]
[Black "Brotto, Alessandro"]
[Result "0-1"]
[WhiteElo "1888"]
[BlackElo "2062"]
[PlyCount "52"]
[EventDate "2024.11.09"]

{[%evp 0,52,20,18,27,24,17,12,12,-29,-24,-74,-74,-65,-20,11,-15,-37,-10,-11,-15,-68,-27,-64,-40,-67,-67,-68,-64,-111,-97,-71,-80,-80,-85,-99,-63,-63,-70,-159,-120,-120,-660,-660,-702,-29997,-29994,-29995,-982,-29985,-29986,-29991,-29992,-29997,-29998]} 1. e4 e5 2. Nf3 Nc6 3. Bc4 Nf6 4. d4 exd4 5. e5 d5 6. Bb5 Nd7 7. O-O Be7 8. e6 fxe6 9. Bxc6 bxc6 10. Nxd4 Nb8 11. Re1 O-O 12. Nxe6 Bxe6 13. Rxe6 Bc5 14. Re2 Qf6 15. Qe1 Nd7 16. Nd2 Ne5 17. Nb3 Bd6 18. h3 c5 19. c3 Qf5 20. Be3 Nf3+ 21. gxf3 Qxh3 22. Rd1 Bh2+ 23. Kh1 Qxf3+ 24. Kxh2 Rf5 25. Bg5 Qh5+ 26. Kg2 Rxg5+ 0-1

[Event "56.SMM Deutschnofen/Alp-Richter/Lask"]
[Site "?"]
[Date "2025.02.08"]
[Round "7.6"]
[White "Gibitz, Othmar"]
[Black "Unterweger, Christian"]
[Result "1/2-1/2"]
[WhiteElo "1761"]
[BlackElo "1727"]
[PlyCount "68"]
[EventDate "2024.11.09"]

{[%evp 0,68,20,18,24,24,17,-31,11,-33,-30,-65,-54,-54,-56,-71,-37,-79,-63,-72,-54,-27,-29,-1,12,-32,-18,-18,24,9,56,55,25,22,78,38,69,63,84,38,44,-20,-5,32,54,-9,80,82,82,105,97,58,116,42,31,0,87,86,110,102,161,95,78,48,239,15,20,15,15,21,168]} 1. e4 e5 2. Nf3 Nc6 3. d4 exd4 4. Bc4 Nf6 5. e5 d5 6. Bb5 Ne4 7. Nxd4 Bd7 8. Nxc6 bxc6 9. Bd3 Nc5 10. O-O Nxd3 11. Qxd3 Qc8 12. c3 Bf5 13. Qg3 Qe6 14. Nd2 Bg6 15. Nb3 c5 16. Be3 Qb6 17. Qf3 Rd8 18. Rad1 c6 19. Rd2 Be7 20. Qd1 O-O 21. f4 Be4 22. Qe2 a5 23. Qf2 d4 24. cxd4 cxd4 25. Bxd4 c5 26. Be3 Rxd2 27. Nxd2 Bd5 28. b3 Rc8 29. Rc1 Qb4 30. Nc4 a4 31. Qd2 axb3 32. Qxb4 cxb4 33. axb3 f6 34. Bd4 Bc5 1/2-1/2

[Event "56.SMM B Ridnaun/Sterzing-ASD Arci BZ 2"]
[Site "?"]
[Date "2025.02.08"]
[Round "7.5"]
[White "Gasparro, Antonio"]
[Black "Gasteiger, Josef"]
[Result "0-1"]
[WhiteElo "1664"]
[BlackElo "1639"]
[PlyCount "80"]
[EventDate "2025.??.??"]
[SourceVersionDate "2025.02.09"]

{[%evp 0,80,18,17,68,32,41,36,45,29,25,-2,36,39,44,33,63,62,52,-1,-15,19,58,50,51,54,61,-35,32,45,66,0,0,-162,-206,-324,-333,-351,-351,-331,-253,-325,-322,-353,-205,-341,-319,-342,-348,-347,-325,-355,-342,-353,-382,-383,-363,-407,-365,-407,-356,-372,-365,-371,-314,-317,-256,-281,-306,-257,-237,-352,-324,-380,-238,-439,-424,-484,-534,-987,-1084,-29997,-29998]} 1. d4 f5 2. c4 Nf6 3. Nc3 e6 4. Bg5 Bb4 5. g3 Bxc3+ 6. bxc3 O-O 7. Bg2 Qe8 8. Nf3 Nc6 9. Bf4 d6 10. O-O Ne7 11. Nd2 Ng6 12. Bg5 c6 13. f4 d5 14. Bxf6 Rxf6 15. cxd5 exd5 16. Qb3 Qe3+ 17. Kh1 Qxd2 18. e4 fxe4 19. Bxe4 Qe2 20. Bf3 Qe7 21. Bg2 b5 22. Rae1 Qd6 23. Qc2 Bf5 24. Qd2 Nf8 25. Qe2 Re6 26. Qd2 Rae8 27. Re5 Be4 28. Re1 Bxg2+ 29. Qxg2 Rxe5 30. fxe5 Qa3 31. Qd2 Re6 32. Rf1 Qe7 33. Qf2 a5 34. a4 Qe8 35. Qf3 Re7 36. Qg2 Ne6 37. Qd2 Rf7 38. Re1 Qf8 39. Qg2 Rf2 40. Qg1 Qf3+ 0-1